LEADER 00817nam a2200193 i 4500 001 000000201927 003 CaOOAMICUS 005 20250915094123.0 008 110511s1829 it u000 u ita u 013 $a180633 026 $aoaa- sin- ina- pebe (C) 1829 (A) 040 $aSeMil$bita 245 10$a2: [C-G]. 300 $ap. 509-1288. 773 0 $tDizionario delle origini, invenzioni e scoperte nelle arti, nelle scienze, nella geografia, nel commercio, nell'agricoltura, ecc. ecc. ... Opera compilata da una Società di letterati italiani.$dMilano : Dalla Tipografia di Angelo Bonfanti, 1828-1831.$g2$w()24885 850 $aSeMil 852 $aSeMil$W1$xVenegono$y1$m1A I 53 FA$j152453$B152453$CSeMilBibl$Z2$F163550 $8I 996 $6245$a2: [C-G]$9(OLS)http://semarc/title/455649 LEADER 00718nam a2200193 i 4500 001 000000213222 003 CaOOAMICUS 005 20120516000000.0 008 120516s1807 it u000 u ita u 013 $a192077 026 $ahesi o-ie i.sa fata (3) 1807 (R) 040 $aSeMil$bita 245 10$aTomo 6. 300 $a[2], XV, [1], 406, [2], XIII, [3] p. 773 0 $aDemosthenes <384-322 a.C.>$tOpere di Demostene tradotte e illustrate. Tomo 1. [-6.].$dFirenze : presso Molini, Landi & C., 1807-1809.$g6$w()26759 850 $aSeMil 852 $aSeMil$W1$xVenegono$y1$m1Y II 75 FA$j163652$B163652$CSeMilBibl$Z2$F174727 $8I 961 $aOmaggio: Stoppani Pietro 996 $6245$aTomo 6$9(OLS)http://semarc/title/194410